Welcome to CU Library Online Public Access Catalogue (OPAC)

Pharmacology for Undergraduates/ (Record no. 4300)

MARC details
000 -LEADER
fixed length control field 00489nam a22001697a 4500
005 - DATE AND TIME OF LATEST TRANSACTION
control field 20250225113935.0
008 - FIXED-LENGTH DATA ELEMENTS--GENERAL INFORMATION
fixed length control field 250225b |||||||| |||| 00| 0 eng d
020 ## - INTERNATIONAL STANDARD BOOK NUMBER
International Standard Book Number 9788123914008
050 ## - LIBRARY OF CONGRESS CALL NUMBER
Classification number RM300 AGA
100 ## - MAIN ENTRY--PERSONAL NAME
Personal name Agarwal, S. L.
245 ## - TITLE STATEMENT
Title Pharmacology for Undergraduates/
Statement of responsibility, etc. S. L. Agarwal & Sunil Agarwal
250 ## - EDITION STATEMENT
Edition statement 2nd ed.
260 ## - PUBLICATION, DISTRIBUTION, ETC.
Place of publication, distribution, etc. New Delhi
Name of publisher, distributor, etc. CBS Publishers & Distributors
Date of publication, distribution, etc. 2007
300 ## - PHYSICAL DESCRIPTION
Extent xii. 364p.
Dimensions 22cm
700 ## - ADDED ENTRY--PERSONAL NAME
Personal name Agarwal, Sunil
942 ## - ADDED ENTRY ELEMENTS (KOHA)
Source of classification or shelving scheme Library of Congress Classification
Koha item type Books
Edition 2nd ed.
Suppress in OPAC No
999 ## -
-- 4300
-- 4300
Holdings
Withdrawn status Lost status Source of classification or shelving scheme Damaged status Not for loan Collection Home library Current library Shelving location Date acquired Total checkouts Full call number Barcode Date last seen Copy number Price effective from Koha item type
    Library of Congress Classification     Non-fiction Science Library (Miotso) Science Library (Miotso) General stacks 02/25/2025   RM300 AGA SLM00004056 02/25/2025 1 02/25/2025 Books
© 2023-2024 Copyright: Central University Libraries. All Rights Reserved | Created by: Mahone Tech Office